000 00449nam a2200145Ia 4500
008 220216s9999 xx 000 0 und d
100 _aFox R A
245 0 _aWhite root disease of Hevea brasiliensis : Collar protectant dressings
260 _bJournal of the Rubber Research Institute of Malaya
_c1966
300 _a231-241
650 _aCollar protectant dressings
650 _aHevea brasiliensis
650 _aWhite root disease
942 _cJS
999 _c72398
_d72398